000
00302nam a2200109Ia 4500
008
200302s9999 xx 000 0 und d
100
_a
Mark Dekay & Other
245
_a
Integral Austainable Design Transformative Perspectives
260
_b
Earthscan Publications Ltd.
260
_c
2011
300
_a
490 P.,
999
_c
5809
_d
5809